<?xml version="1.0" encoding="UTF-8"?><?xml-stylesheet type="text/xsl" href="static/style.xsl"?><OAI-PMH xmlns="http://www.openarchives.org/OAI/2.0/" xmlns:xsi="http://www.w3.org/2001/XMLSchema-instance" xsi:schemaLocation="http://www.openarchives.org/OAI/2.0/ http://www.openarchives.org/OAI/2.0/OAI-PMH.xsd"><responseDate>2026-04-18T17:51:44Z</responseDate><request verb="GetRecord" identifier="oai:riubu.ubu.es:10259/10823" metadataPrefix="marc">https://riubu.ubu.es/oai/request</request><GetRecord><record><header><identifier>oai:riubu.ubu.es:10259/10823</identifier><datestamp>2025-08-29T07:35:10Z</datestamp><setSpec>com_10259_7387</setSpec><setSpec>com_10259_5086</setSpec><setSpec>com_10259_2604</setSpec><setSpec>col_10259_8815</setSpec><setSpec>col_10259_5684</setSpec></header><metadata><record xmlns="http://www.loc.gov/MARC21/slim" xmlns:doc="http://www.lyncode.com/xoai" xmlns:xsi="http://www.w3.org/2001/XMLSchema-instance" xmlns:dcterms="http://purl.org/dc/terms/" xsi:schemaLocation="http://www.loc.gov/MARC21/slim http://www.loc.gov/standards/marcxml/schema/MARC21slim.xsd">
<leader>00925njm 22002777a 4500</leader>
<datafield tag="042" ind1=" " ind2=" ">
<subfield code="a">dc</subfield>
</datafield>
<datafield tag="720" ind1=" " ind2=" ">
<subfield code="a">Delgado García, Juan Bautista</subfield>
<subfield code="e">author</subfield>
</datafield>
<datafield tag="720" ind1=" " ind2=" ">
<subfield code="a">Blanco Mazagatos, Virginia</subfield>
<subfield code="e">author</subfield>
</datafield>
<datafield tag="260" ind1=" " ind2=" ">
<subfield code="c">2025-05-24</subfield>
</datafield>
<datafield tag="520" ind1=" " ind2=" ">
<subfield code="a">The data set consists of a spreadsheet file containing the data used in the research project PID2020-120288GB-I00</subfield>
</datafield>
<datafield tag="024" ind2=" " ind1="8">
<subfield code="a">Delgado Garcia, J. B., &amp; Blanco-Mazagatos, V. (2025). Proyecto resiliencia de emprendedores y empresas familiares durante la COVID-19. Respuestas desde el capital psicológico, el capital social y la riqueza socioemocional [Data set]. Universidad de Burgos. https://doi.org/10.71486/af36-8s78</subfield>
</datafield>
<datafield tag="024" ind2=" " ind1="8">
<subfield code="a">https://hdl.handle.net/10259/10823</subfield>
</datafield>
<datafield tag="024" ind2=" " ind1="8">
<subfield code="a">10.71486/af36-8s78</subfield>
</datafield>
<datafield ind1=" " ind2=" " tag="653">
<subfield code="a">Resilience</subfield>
</datafield>
<datafield ind1=" " ind2=" " tag="653">
<subfield code="a">Family firms</subfield>
</datafield>
<datafield ind1=" " ind2=" " tag="653">
<subfield code="a">Socioemotional wealth</subfield>
</datafield>
<datafield tag="245" ind1="0" ind2="0">
<subfield code="a">Proyecto resiliencia de emprendedores y empresas familiares durante la COVID-19. Respuestas desde el capital psicológico, el capital social y la riqueza  socioemocional</subfield>
</datafield>
</record></metadata></record></GetRecord></OAI-PMH>